000 01398cam a22003377a 4500
001 13923097
003 OSt
005 20251009121345.0
008 050407s2006 nyua b 001 0 eng d
010 _a 2005925505
020 _a0387258116
020 _a9780387258119
035 _a(OCoLC)ocm65394040
040 _aIXA
_cDDC
_dBAKER
_dDLC
042 _alccopycat
050 0 0 _aTP690
_b.P68 2006
082 0 0 _a665.5 PRA 2006.
100 _aEdited by Hsu,Chang S.; Robinson,Paul R.;
_915131
245 0 0 _aPractical Advances in Petroleum Processing.
250 _aVolume 1.
260 _aNew York;
_bSpringer.
_cc2006.
300 _axxviii,453p;
_bill;
_c24cm.
504 _aIncludes; bibliographical references and indexes.
650 0 _aEngineering.
_9373
856 4 2 _3Publisher description
_uhttp://www.loc.gov/catdir/enhancements/fy0663/2005925505-d.html
856 4 2 _3Contributor biographical information
_uhttp://www.loc.gov/catdir/enhancements/fy0824/2005925505-b.html
856 4 1 _3Table of contents only
_uhttp://www.loc.gov/catdir/enhancements/fy0824/2005925505-t.html
906 _a7
_bcbc
_ccopycat
_d2
_eepcn
_f20
_gy-gencatlg
942 _2ddc
_cO_SHELF
999 _c7389
_d7389